Statistics for Extremely Hard General Knowledge #32

Click here to take the quiz!

General Stats

  • This quiz has been taken 222 times
  • The average score is 3 of 20

Answer Stats

HintAnswer% Correct
Which song by The Weeknd was the UK Best Selling song of 2020?Blinding Lights
49%
What is the field of play called in a game of American Football?Gridiron
37%
In Jewish folklore what was the name of Adam's first wife?Lilith
29%
What is the name of the currency used in Paraguay?Guarani
20%
Which Roman emperor's tomb eventually became the Castel Sant'Angelo?Hadrian
19%
Who was enthroned as the 105th Archbishop of Canterbury in 2013?Justin Welby
19%
In 2001, whilst playing for the San Francisco Giants, Barry Bonds set the new record for most home runs in a season with how many?73
18%
Graham Norton was replaced by Richard Madeley as the agony aunt for which British Newspaper?The Daily Telegraph
18%
With just over 650,000 people living in just under a square mile, what is the biggest slum in Mumbai?Dharavi
16%
The reign of Louis XIV was 72 years long and came to end when he died in which year?1715
15%
Which snooker player, known as 'The Magician', did Mark Selby beat in the 2021 Snooker World Championship to win his 4th Crucible title?Shaun Murphy
15%
What is the name of the constituency in County Durham that Tony Blair represented from 1983 to 2007?Sedgefield
14%
Who was the leader of the Liberal Democrat Party from 1999-2006?Charles Kennedy
10%
Which woman has won the most (8) Best Costume Design Oscars?
Edith Head
8%
What was the name of the Austrian-Swedish physicist who is one of two women to have an element of the periodic table named after her?Lise Meitner
8%
Which town in the British Isles has a name which is derived from 'Acorn Farm'?Accrington
7%
What is the name of the national anthem of India?Jana Gana Mana
7%
What is the name of the high school where the kids have detention in The Breakfast Club (1984)?
Shermer High School
5%
What is the name given to the Swedish dish consisting of a dry pea soup with ham?Ärtsoppa
2%
Released in 1942, what was the first film that Elizabeth Taylor starred in?There's One Born Every Minute
2%

Score Distribution

Percentile by Number Answered

Percent of People with Each Score

Your Score History

You have not taken this quiz